000 01177nam1a22002531 4500
001 rc\486741
005 20030616173328.9
035 _a(NLR Aleph) 005817126
090 _a5441861
_c5441861
100 _a20030616d1986 u |0rusy50 ca
101 0 _arus
102 _aRU
105 _ay |||||||||
200 1 _aМЕТОДОЛОГИЧЕСКИЕ проблемы истории марксистско-ленинской философии
_e(Тез. докл. к всесоюз. конф. "Методол. и мировоззренч. пробл. истории философии", секция III)
_f[Отв. ред. к. ф. н. Е.А. Самарская]
210 _aМ.
_cБ. и.
_d1986
215 _d20
300 _aВ надзаг.: АН СССР, Ин-т философии
702 1 _aСамарская
_bЕ. А.
_gЕлена Александровна
_4340
712 1 2 _a"Мировоззренческие и методологические проблемы истории философии", всесоюзная конф.
_f1986
_eМосква
801 0 _aRU
_bNLR
_gpsbo
801 1 _aRU
_bELAR
_2rusmarc
852 _aNLR
_j87-18616
942 _cBOOK
980 _aNB